U.S. Cities with the Most Apartments - Statistics

General Stats
  • This quiz has been taken 39 times
    28 since last reset
  • The average score is 9 of 10
Answer Stats
Apartments City % Correct
1,443,000 Los Angeles
100%
2,524,000 New York City
100%
747,000 Chicago
96%
612,000 Miami
92%
792,000 Dallas
88%
715,000 Houston
88%
477,000 San Francisco (Bay Area)
83%
449,000 Seattle
79%
653,000 Washington D.C.
79%
469,000 Atlanta
75%
No matching quizzes found
Score Distribution
Percent of People with Each Score
Percentile by Number Answered
Your Score History
You have not taken this quiz since the last reset